000 00298nam a22001097a 4500
003 OSt
008 220826b |||||||| |||| 00| 0 eng d
082 _a631.56
_bGOL/CR
100 _aGolob, P.
_95246
245 _aCrop post-harvest : science and technology. Vol. 1, Principles and practice
942 _cBK
999 _c17548
_d17548